• 首页
  • 本馆介绍
  • 公告通知
  • 最新文献
  • 馆藏检索
  • 电子资源
  • 读者导购
  • 参考咨询
  • 我的图书馆
  • 登录
  • 详细信息显示
  • 放入我的书架
  • 预约/预借图书
  • 作者相关作品
  • 分类相关作品
  • 丛书相关作品
  • 出版社相关作品

书目信息

  • 表格格式
  • 工作单格式
  • 卡片格式
题名:
基层医务人员地方病防治手册
    
 
作者: 格鹏飞 , 席进孝 主编
分册: 上   生物源性地方病
出版信息: 兰州   甘肃科学技术出版社  2009
页数: 10,263页
开本: 29cm
丛书名: 甘肃省地方病防制系列丛书
单 册:
中图分类: R599.01 , R59
科图分类:
主题词: 预防(卫生)--甘肃省 , 预防(卫生) , 全身性疾病
电子资源:
ISBN: 978-7-5424-1349-9
000 01075oam2 2200289 450
001 2356534835
005 20231128154300.57
010    @a978-7-5424-1349-9@dCNY49.00
100    @a20100526d2009 em y0chiy50 ea
101 0  @achi
102    @aCN@b620000
105    @aa z 000yy
200 1  @a基层医务人员地方病防治手册@Aji ceng yi wu ren yuan di fang bing fang zhi shou ce@h上@i生物源性地方病@f格鹏飞,席进孝主编
210    @a兰州@c甘肃科学技术出版社@d2009
215    @a10,263页@c彩照,图@d29cm
225 2  @a甘肃省地方病防制系列丛书
330    @a全书分为上、下两册。本书为上册,共分为六章,分别对生物源性地方病的鼠疫、布鲁氏菌病、包虫病、黑热病、疟疾、麻风病的流行病学、发病机制和病理、临床表现以及疫情控制与治疗方案等进行详细的介绍与说明。
461  0 @12001 @a甘肃省地方病防制系列丛书
606 0  @x预防(卫生)@x甘肃省
606 0  @a预防(卫生)
606 0  @a全身性疾病
690    @aR599.01@v5
690    @aR59@v4
701  0 @c(藏)@a格鹏飞@Age peng fei@4主编
701  0 @a席进孝@Axi jin xiao@4主编
801  0 @aCN@b山东中教@c20231126
905    @aBZT@dR59@e8:1
    
    基层医务人员地方病防治手册.上.生物源性地方病/格鹏飞,席进孝主编.-兰州:甘肃科学技术出版社,2009
    10,263页:彩照,图;29cm.-(甘肃省地方病防制系列丛书)
    
    
    ISBN 978-7-5424-1349-9:CNY49.00
    全书分为上、下两册。本书为上册,共分为六章,分别对生物源性地方病的鼠疫、布鲁氏菌病、包虫病、黑热病、疟疾、麻风病的流行病学、发病机制和病理、临床表现以及疫情控制与治疗方案等进行详细的介绍与说明。
●
相关链接 在五车中查询图书 在当当中查询图书 在豆瓣中查询图书


正题名:基层医务人员地方病防治手册     索取号:R59/8:1         预约/预借

序号 登录号 条形码 馆藏地/架位号 状态 备注
1 2001220749   2001220749   中教(第二批第二书库)/山东中教(第二批)/1206/ [索取号:R59/8:1] 在馆    
2 2001220750   2001220750   中教(第二批第二书库)/山东中教(第二批)/1206/ [索取号:R59/8:1] 在馆    
3 2001220751   2001220751   中教(第二批第二书库)/山东中教(第二批)/1206/ [索取号:R59/8:1] 在馆    
4 2001220752   2001220752   中教(第二批第二书库)/山东中教(第二批)/1206/ [索取号:R59/8:1] 在馆    
5 2001220753   2001220753   中教(第二批第二书库)/山东中教(第二批)/1206/ [索取号:R59/8:1] 在馆    
6 2001220754   2001220754   中教(第二批第二书库)/山东中教(第二批)/1206/ [索取号:R59/8:1] 在馆    
7 2001220755   2001220755   中教(第二批第二书库)/山东中教(第二批)/1206/ [索取号:R59/8:1] 在馆    
8 2001220756   2001220756   中教(第二批第二书库)/山东中教(第二批)/1206/ [索取号:R59/8:1] 在馆    
9 2001220757   2001220757   中教(第二批第二书库)/山东中教(第二批)/1206/ [索取号:R59/8:1] 在馆    
10 2001220758   2001220758   中教(第二批第二书库)/山东中教(第二批)/1206/ [索取号:R59/8:1] 在馆    
11 2001220759   2001220759   中教(第二批第二书库)/山东中教(第二批)/1206/ [索取号:R59/8:1] 在馆    
12 2001220760   2001220760   中教(第二批第二书库)/山东中教(第二批)/1206/ [索取号:R59/8:1] 在馆    
13 2001220761   2001220761   中教(第二批第二书库)/山东中教(第二批)/1206/ [索取号:R59/8:1] 在馆    
14 2001220762   2001220762   中教(第二批第二书库)/山东中教(第二批)/1206/ [索取号:R59/8:1] 在馆    
15 2001220763   2001220763   中教(第二批第二书库)/山东中教(第二批)/1206/ [索取号:R59/8:1] 在馆    
16 2001224887   2001224887   中教(第二批第二书库)/山东中教(第二批)/1063/ [索取号:R59/8:1] 在馆    
17 2001224888   2001224888   中教(第二批第二书库)/山东中教(第二批)/1063/ [索取号:R59/8:1] 在馆    
18 2001224889   2001224889   中教(第二批第二书库)/山东中教(第二批)/1063/ [索取号:R59/8:1] 在馆    
19 2001224890   2001224890   中教(第二批第二书库)/山东中教(第二批)/1063/ [索取号:R59/8:1] 在馆    
20 2001224891   2001224891   中教(第二批第二书库)/山东中教(第二批)/1063/ [索取号:R59/8:1] 在馆    
21 2001224892   2001224892   中教(第二批第二书库)/山东中教(第二批)/1063/ [索取号:R59/8:1] 在馆    
22 2001224893   2001224893   中教(第二批第二书库)/山东中教(第二批)/1063/ [索取号:R59/8:1] 在馆    
23 2001224894   2001224894   中教(第二批第二书库)/山东中教(第二批)/1063/ [索取号:R59/8:1] 在馆    
24 2001224895   2001224895   中教(第二批第二书库)/山东中教(第二批)/1063/ [索取号:R59/8:1] 在馆    
25 2001224896   2001224896   中教(第二批第二书库)/山东中教(第二批)/1063/ [索取号:R59/8:1] 在馆    
26 2001224897   2001224897   中教(第二批第二书库)/山东中教(第二批)/1063/ [索取号:R59/8:1] 在馆    
27 2001224898   2001224898   中教(第二批第二书库)/山东中教(第二批)/1063/ [索取号:R59/8:1] 在馆    
28 2001224899   2001224899   中教(第二批第二书库)/山东中教(第二批)/1063/ [索取号:R59/8:1] 在馆    
29 2001224900   2001224900   中教(第二批第二书库)/山东中教(第二批)/1063/ [索取号:R59/8:1] 在馆    
30 2001224901   2001224901   中教(第二批第二书库)/山东中教(第二批)/1063/ [索取号:R59/8:1] 在馆    
山东省滨州职业学院图书馆 欢迎您!
大连网信软件有限公司© 版权所有